Irak - Muhafazy - Podział administracyjny Iraku - Mapa - Statystyki

Ogólne statystyki
  • Ten quiz został rozwiązany 16 razy
    14 od ostatniego zresetowania
  • Średni wynik to 7 z 19
Odpowiedzi na mapie
Odpowiedzi zakodowano w zielono-czerwonej skali na mapie do tego quizu, zgodnie z poniższymi procentami.
 
Statystyki odpowiedzi
Muhafaza Siedziba % Poprawnych
Bagdad Bagdad
100%
Basra Basra
80%
Niniwa Mosul
80%
Zi Kar An-Nasirijja
60%
Al-Anbar Ar-Ramadi
40%
As-Sulajmanijja As-Sulajmanijja
40%
Babilon Al-Hilla
40%
Irbil Irbil
40%
Karbala Karbala
40%
Salah ad-Din Tikrit
40%
An-Nadżaf An-Nadżaf
20%
Dahuk Dahuk
20%
Halabdża Halabdża
20%
Kirkuk Kirkuk
20%
Wasit Al-Kut
20%
Al-Kadisijja Ad-Diwanijja
0%
Al-Musanna As-Samawa
0%
Dijala Bakuba
0%
Majsan Al-Amara
0%
Nie znaleziono quizów pasujących do podanych kryteriów
Rozkład punktacji
Procent ludzi z każdym wynikiem
Percentyl według liczby udzielonych odpowiedzi
Twoja historia wyników
Nie rozwiązałeś tego quizu od ostatniego zresetowania